000 00937nam a2200301 i 4500
001 7999
003 KOSZ 005
005 20190723115330.0
008 070620s1969 pl a f 001 0 pol
015 _aPB 1969/4056
040 _aWA N
_cKOSZ 005/RW
_dKOSZ 005/RW
_dKOSZ 005/HR
046 _k1969
080 _a666.1/.2
100 1 _aNowotny, Wacław
_d(1904-1985).
_eAutor.
245 1 0 _aSzkła barwne /
_cWacław Nowotny.
250 _aWyd. 2 popr. i rozsz.
260 _aWarszawa :
_b"Arkady",
_c1969.
300 _a242, [1] s. :
_bil. ;
_c24 cm.
380 _aKsiążki.
388 _a1901-2000
504 _aBibliogr. s. 224-[238]. Indeks.
650 4 _aSzkło
658 _aArchitektura i budownictwo
650 4 _aTechnologia
710 2 _aWydawnictwo "Arkady".
_4pbl.
856 _uhttp://koha.tu.koszalin.pl/cgi-bin/koha/opac-detail.pl?biblionumber=7999
_yKatalog online BPK
942 _2UKD
_cKS
999 _c7999
_d7999